000 00688nam a22002297a 4500
001 32526
003 AR-RoBPED
005 20260413113020.0
008 260408s1986 ag ||||er|||| 001 0 spa d
020 _a9509086215
040 _aAR-RoBPED
041 _aspa
100 1 _aTedesco, Juan Carlos
_91015
245 1 _aEducación y sociedad en la Argentina (1880-1945) /
_cJuan Carlos Tedesco.
260 _aBuenos Aires:
_bSolar,
_c1986.
300 _a284 p.
490 0 _a(Dimensión Argentina)
650 4 _aHISTORIA DE LA EDUCACION
_91012
650 4 _aSOCIEDAD
_92015
942 _2udc
_aK. 32526
_cBK
_h37(82)(091)
_mT 31
_nInv. 42358
945 _afd 08/04/2026 - cd 13/04/2026
999 _c32526
_d32526